000 00220 a2200097 4500
001 34734
100 _aWilliams C S
245 _aDesigning Digital Filters
260 _aUSA
_bPrentice hall Inc
_c
090 _c23016
_d23016
942 _aNUST-CAE
_cM
_c14466
999 _c269807
_d269807